Servicios esenciales, servicios mínimos y derecho de huelga

محفوظ في:
التفاصيل البيبلوغرافية
المؤلف الرئيسي: Baylos Grau, Antonio (مؤلف)
التنسيق: كتاب
اللغة:الإسبانية
منشور في: Albacete, España Bomarzo S.L 2018
الموضوعات:
الوسوم: إضافة وسم
لا توجد وسوم, كن أول من يضع وسما على هذه التسجيلة!

MARC

LEADER 00000cam a2200000 a 4500
001 UCC7814
003 CL-VaPUC
005 20210312184838.0
008 190510e20180000sp |||||||||||||||||spa|d
999 |c 374363  |d 374361 
020 |a 9788417310035 
040 |c Pontificia Universidad Católica de Valparaíso 
082 0 4 |a 344.01892 BAY 2018  |2 21 
100 0 |a Baylos Grau, Antonio  |e author  |9 602532 
245 1 0 |a Servicios esenciales, servicios mínimos y derecho de huelga 
260 |a Albacete, España  |b Bomarzo S.L  |c 2018 
300 |a 135 páginas 
583 |a last modification  |c 20190510 15:30:00  |k Rodrigo Vera 
650 0 |a Servicios esenciales   |9 532918 
650 7 |a HUELGA  |2 CL-VaPUC  |9 17 
650 7 |a DERECHO LABORAL  |2 CL-VaPUC  |9 15 
650 7 |a DERECHOS SINDICALES  |2 CL-VaPUC  |9 16 
852 |a BIBDER 
942 |c BK  |2 ddc 
945 |d 20190510 15:30:00  |a dcastane 
952 |0 0  |1 0  |2 ddc  |3 erd  |4 0  |6 344_018920000000000_BAY_2018  |7 0  |8 A  |9 492869  |a BIBDER  |b BIBDER  |e 2  |g 147441.00  |i 5546591  |l 5  |m 1  |o 344.01892 BAY 2018  |p 5546591  |q 2025-05-13  |r 2025-04-29  |s 2025-04-29  |w 2019-11-24  |y BK  |z Catalogado en:20190510  |k DER